000 00417nam a2200121Ia 4500
008 240731s9999 xx 000 0 und d
022 _a1724-5575
245 0 _aPlant Biosystems - An International Journal Dealing with all Aspects of Plant Biology : Official Journal of the Societa Botanica Italiana
260 _bTaylor & Francis
856 _uhttps://www.tandfonline.com/loi/tplb20
942 _2ddc
942 _cTFEJ
999 _c78955
_d78955
945 _a1
_bMadushi Gamage
_c1
_dMadushi Gamage